| 000 | 00563nam a22001577a 4500 | ||
|---|---|---|---|
| 005 | 20250813153849.0 | ||
| 008 | 250717b |||||||| |||| 00| 0 eng d | ||
| 020 | _a978-0-23300-624-6 | ||
| 100 | _aWEST NIGEL | ||
| 245 | _aBLACK OPS: SECRET MILITARY OPERATIONS FROM 1914 TO THE PRESENT | ||
| 260 |
_aLONDON _bWELBECK _c2020 |
||
| 300 | _a208P. | ||
| 500 | _aINCLUDES AN INDEX | ||
| 650 | _a1. SPECIAL OPERATIONS (MILITARY) — HISTORY 2. COVERT OPERATIONS — HISTORY 3. MILITARY INTELLIGENCE — HISTORY 4. COMMANDO OPERATIONS — HISTORY | ||
| 942 |
_2lcc _cBK |
||
| 999 |
_c215923 _d215923 |
||